000 00353pab a2200157 454500
008 180718b1998 xxu||||| |||| 00| 0 eng d
100 _aBirla, K.K.
245 _aBudget 98: a dream gone sour
260 _c1998
300 _ap.13
362 _a26 May
650 _aBudget - India
650 _aBudget
773 _aHindustan Times
909 _a38460
999 _c38460
_d38460